000
00280 a2200121 4500
001
151959
040
_c
Escola São Tomás de Aquino
100
_a
CUNHA, Leo
240
1
0
_a
Pela estrada afora.
_l
por
245
1
0
_a
Pela estrada afora.
697
_a
*LITERATURA JUVENIL
942
_c
BK
999
_c
151959
_d
151959